Contribución al conocimiento de la Tortuga gogo (Caretta caretta) en la costa norte colombiana "Operación tortuga marina" 1974-1975 (Registro nro. 620)
[ vista simple ]
| 000 -CABECERA | |
|---|---|
| Campo de control | 00734nam a2200241 a 4500 |
| 005 - FECHA Y HORA DE LA ULTIMA TRANSACCION | |
| Campo de control | 20180112095740.0 |
| 008 - ELEMENTOS DE LONGITUD FIJA—INFORMACION GENERAL | |
| Campo de control | 140221b1975 ck ||||| |||| 00| 0 spa d |
| 040 ## - FUENTE DE CATALOGACIÓN | |
| Agencia catalogadora original | CO-BoIAVH |
| Agencia transcriptora | CO-BoIAVH |
| 041 ## - IDIOMA | |
| Código de idioma para texto/pista de sonido o título separado | Español |
| 044 ## - PAÍS DE PUBLICACIÓN | |
| País de publicación | Colombia |
| 090 ## - CLASIFICACIÓN LOCAL | |
| Colección | IND-I |
| Consecutivo | 04 |
| 100 ## - ASIENTO PRINCIPAL--NOMBRE PERSONAL | |
| Nombre personal | Ramírez S., Edgar |
| 9 (RLIN) | 8461 |
| 245 ## - MENCION DE TITULO | |
| Título | Contribución al conocimiento de la Tortuga gogo (Caretta caretta) en la costa norte colombiana "Operación tortuga marina" 1974-1975 |
| 260 ## - PUBLICACION, DISTRIBUCION, ETC. (PIE DE IMPRENTA) | |
| Lugar de publicación, distribución, etc. | Barranquilla |
| Nombre del editor, distribuidor, etc. | INDERENA |
| Fecha de publicación, distribución, etc. | 1975 |
| 300 ## - DESCRIPCION FISICA | |
| Extensión | 52 páginas |
| 650 14 - ASIENTO SECUNDARIO DE MATERIA - TERMINO TEMATICO | |
| Término temático o nombre geográfico como elemento de entrada | Medio Ambiente |
| 9 (RLIN) | 88620 |
| 650 14 - ASIENTO SECUNDARIO DE MATERIA - TERMINO TEMATICO | |
| Término temático o nombre geográfico como elemento de entrada | Neonatos |
| 9 (RLIN) | 88621 |
| 650 14 - ASIENTO SECUNDARIO DE MATERIA - TERMINO TEMATICO | |
| Término temático o nombre geográfico como elemento de entrada | Ovoposición |
| 9 (RLIN) | 88622 |
| 650 14 - ASIENTO SECUNDARIO DE MATERIA - TERMINO TEMATICO | |
| Término temático o nombre geográfico como elemento de entrada | Tortuga |
| 9 (RLIN) | 88623 |
| 650 14 - ASIENTO SECUNDARIO DE MATERIA - TERMINO TEMATICO | |
| Término temático o nombre geográfico como elemento de entrada | Vida Silvestre |
| 9 (RLIN) | 88624 |
| 662 ## - ASIENTO SECUNDARIO DE MATERIA - JERARQUIA DEL NOMBRE DE LUGAR( | |
| País o entidad mayor | Colombia |
| Jurisdicción política intermedia | Caribe |
| 942 ## - ELEMENTOS ADICIONALES (KOHA) | |
| Tipo de ítem | Informe Técnico |
| Sistema de clasificación | Local |
| Withdrawn status | Lost status | Sistema de Clasificación | Damaged status | No para préstamo | Colección | Ubicación Permanente | Ubicación actual | Fecha de adquisición | Fuente de adquisición | Total Checkouts | Número topográfico | Inventario / Código de Barras | Date last seen | Ejemplar | Price effective from | Forma de adquisición | Tipo de material |
|---|---|---|---|---|---|---|---|---|---|---|---|---|---|---|---|---|---|
| Local | Fondo Inderena | Bogotá | Bogotá | 29/05/1998 | Inderena | IND-I-04 | 000883 | 04/12/2012 | Ej. 1 | 04/12/2012 | Traslado Inderena | Informe Técnico |